Statistics for Questions that will make you think

Click here to take the quiz!

General Stats

  • This quiz has been taken 17 times
    (8 since last reset)
  • The average score is 34 of 40

Answer Stats

QuestionTileSelect% Correct
If I were to add the colors yellow and blue together and the add the colors blue and red together and mix the colors with each other and then seperate the yellow what would be my sum?1No
100%
If I were to add the colors yellow and blue together and the add the colors blue and red together and mix the colors with each other and then seperate the yellow what would be my sum?10No
100%
If you were to subtract 5 from the product of a variable and four which equaled 15 what would the equation look like and what would the value B represent? Please pick One equation and One number.15-(20B)=45No
100%
If you were to subtract 5 from the product of a variable and four which equaled 15 what would the equation look like and what would the value B represent? Please pick One equation and One number.2.5No
100%
If I were to add the colors yellow and blue together and the add the colors blue and red together and mix the colors with each other and then seperate the yellow what would be my sum?3No
100%
If you were to subtract 5 from the product of a variable and four which equaled 15 what would the equation look like and what would the value B represent? Please pick One equation and One number.5+(B4)=15No
100%
If I were to add the colors yellow and blue together and the add the colors blue and red together and mix the colors with each other and then seperate the yellow what would be my sum?6No
100%
If I were to add the colors yellow and blue together and the add the colors blue and red together and mix the colors with each other and then seperate the yellow what would be my sum?9No
100%
If you were to subtract 5 from the product of a variable and four which equaled 15 what would the equation look like and what would the value B represent? Please pick One equation and One number.B-(5+4)=15No
100%
If I were to add the colors yellow and blue together and the add the colors blue and red together and mix the colors with each other and then seperate the yellow what would be my sum?BlackNo
100%
If I were to add the colors yellow and blue together and the add the colors blue and red together and mix the colors with each other and then seperate the yellow what would be my sum?BlueNo
100%
If a Cowboy rode into town on Friday and left three days later, on the day Tuesday, how is this possible? WARNING: (There are THREE possible answers)DO NOT KNOWNo
100%
If I were to add the colors yellow and blue together and the add the colors blue and red together and mix the colors with each other and then seperate the yellow what would be my sum?GrayNo
100%
If I were to add the colors yellow and blue together and the add the colors blue and red together and mix the colors with each other and then seperate the yellow what would be my sum?GreenNo
100%
What is the deadliest flower in the word?IrisNo
100%
If a Cowboy rode into town on Friday and left three days later, on the day Tuesday, how is this possible? WARNING: (There are THREE possible answers)It was midnightNo
100%
If a Cowboy rode into town on Friday and left three days later, on the day Tuesday, how is this possible? WARNING: (There are THREE possible answers)MiscalculationNo
100%
If I were to add the colors yellow and blue together and the add the colors blue and red together and mix the colors with each other and then seperate the yellow what would be my sum?PinkNo
100%
If I were to add the colors yellow and blue together and the add the colors blue and red together and mix the colors with each other and then seperate the yellow what would be my sum?redNo
100%
What is the deadliest flower in the word?RoseNo
100%
What is the deadliest flower in the word?SnapdragonNo
100%
If a Cowboy rode into town on Friday and left three days later, on the day Tuesday, how is this possible? WARNING: (There are THREE possible answers)There were two cowboys that were mistaken as oneNo
100%
If a Cowboy rode into town on Friday and left three days later, on the day Tuesday, how is this possible? WARNING: (There are THREE possible answers)The town was magicalNo
100%
If I were to add the colors yellow and blue together and the add the colors blue and red together and mix the colors with each other and then seperate the yellow what would be my sum?whiteNo
100%
If I were to add the colors yellow and blue together and the add the colors blue and red together and mix the colors with each other and then seperate the yellow what would be my sum?YellowNo
100%
If you were to subtract 5 from the product of a variable and four which equaled 15 what would the equation look like and what would the value B represent? Please pick One equation and One number.10No
88%
If you were to subtract 5 from the product of a variable and four which equaled 15 what would the equation look like and what would the value B represent? Please pick One equation and One number.20No
88%
If you were to subtract 5 from the product of a variable and four which equaled 15 what would the equation look like and what would the value B represent? Please pick One equation and One number.(4B) -5 = 15Yes
88%
What is the deadliest flower in the word?IpomoeaNo
88%
What is the deadliest flower in the word?TulipNo
88%
If I were to add the colors yellow and blue together and the add the colors blue and red together and mix the colors with each other and then seperate the yellow what would be my sum?????????No
75%
What is the deadliest flower in the word?FoxgloveNo
75%
If a Cowboy rode into town on Friday and left three days later, on the day Tuesday, how is this possible? WARNING: (There are THREE possible answers)He rode in on a horse named Friday and got to the town on the day Saturday.Yes
75%
What is the deadliest flower in the word?Angel's TrumpetNo
63%
If I were to add the colors yellow and blue together and the add the colors blue and red together and mix the colors with each other and then seperate the yellow what would be my sum?PurpleNo
50%
If you were to subtract 5 from the product of a variable and four which equaled 15 what would the equation look like and what would the value B represent? Please pick One equation and One number.5Yes
38%
If a Cowboy rode into town on Friday and left three days later, on the day Tuesday, how is this possible? WARNING: (There are THREE possible answers)He left on two different horses named Tuesday and FridayYes
38%
If a Cowboy rode into town on Friday and left three days later, on the day Tuesday, how is this possible? WARNING: (There are THREE possible answers)He came into town Friday and left on a horse named Tuesday.Yes
25%
If I were to add the colors yellow and blue together and the add the colors blue and red together and mix the colors with each other and then seperate the yellow what would be my sum?11Yes
13%
What is the deadliest flower in the word?OleanderYes
13%

Score Distribution

Percentile by Number Answered

Percent of People with Each Score

Your Score History

You have not taken this quiz since the last reset